Sửa chữa hệ thống điện - điện tử trên ô tô : Phần cơ bản
Gardado en:
| Những tác giả chính: | , |
|---|---|
| Formato: | Sách |
| Idioma: | Undetermined |
| Publicado: |
Thanh niên
2022
|
| Những chủ đề: | |
| Các nhãn: |
Engadir etiqueta
Sen Etiquetas, Sexa o primeiro en etiquetar este rexistro!
|
| Thư viện lưu trữ: | Trung tâm Thư viện - Trường Đại học Công nghiệp TP. Hồ Chí Minh |
|---|
| LEADER | 00645nam a2200157Ia 4500 | ||
|---|---|---|---|
| 001 | UIH_08328 | ||
| 008 | 241002s9999 xx 000 0 und d | ||
| 082 | |a 629.254 | ||
| 100 | |a Sửa chữa hệ thống điện - điện tử trên ô tô : Phần cơ bản | ||
| 100 | |a Thái, Hoàng Linh | ||
| 245 | 0 | |a Sửa chữa hệ thống điện - điện tử trên ô tô : Phần cơ bản | |
| 260 | |b Thanh niên | ||
| 260 | |c 2022 | ||
| 650 | |a Hệ thống điện; Ô tô | ||
| 927 | |a Sách | ||
| 980 | |a Trung tâm Thư viện - Trường Đại học Công nghiệp TP. Hồ Chí Minh | ||